| 000 | 00812cam a2200313 4500 | ||
|---|---|---|---|
| 001 | 2659317 | ||
| 003 | OSt | ||
| 005 | 20140310182837.0 | ||
| 008 | 721204s1972 nyua 001 0 eng | ||
| 010 | _a 72001207 | ||
| 020 | _a0684129736 | ||
| 040 |
_aDLC _cDLC _dDLC |
||
| 043 | _an-us--- | ||
| 050 | 0 | 0 |
_aTT 705 _b.L681 1972 |
| 082 | 0 | 0 |
_aM 646.2 _bL58 1972 |
| 100 | 1 | _aLey, Sandra. | |
| 245 | 0 | 0 |
_aAmerica's sewing book. _cLey, Sandra |
| 260 |
_aNew York : _bCharles Scribner's Sons, _cc1972. |
||
| 300 |
_a416 p. _bill. ; _c23 cm. |
||
| 350 | _a$9.95 | ||
| 521 | _aCollege Students | ||
| 526 | _c1210L-1700L | ||
| 541 | _j1 | ||
| 562 | _e1 | ||
| 650 | 0 | _aSewing. | |
| 650 | 0 |
_aDressmaking _zUnited States. |
|
| 906 |
_a7 _bcbc _corignew _d2 _eocip _f19 _gy-gencatlg |
||
| 942 |
_2lcc _cBK _kM |
||
| 999 |
_c16792 _d16792 |
||